[Event "HUN-chT2 Breyer 1819"]
[Site "Hungary"]
[Date "2018.11.18"]
[Round "2.3"]
[White "Brestak, Jan"]
[Black "Simonics, Peter"]
[Result "1-0"]
[WhiteElo "2136"]
[BlackElo "1962"]
[PlyCount "123"]
[EventDate "2018.10.28"]
[EventType "team-tourn"]
[EventRounds "9"]
[EventCountry "HUN"]
[SourceTitle "CBM 189 Extra"]
[Source "ChessBase"]
[SourceDate "2019.06.03"]
[SourceVersion "1"]
[SourceVersionDate "2019.06.03"]
[SourceQuality "1"]
[WhiteTeam "Esztergom"]
[BlackTeam "Paty"]
[WhiteTeamCountry "HUN"]
[BlackTeamCountry "HUN"]

1. e4 c5 2. Nf3 d6 3. c3 Nf6 4. Qb3 Nc6 5. d4 cxd4 6. cxd4 Nxe4 7. d5 Qa5+ 8. Nbd2 Nc5 9. Qc4 Rb8 10. dxc6 bxc6 11. Qc3 Qxc3 12. bxc3 g6 13. Ba3 Na4 14. Nd4 Bd7 15. Rc1 Bg7 16. N2b3 c5 17. Ne2 0-0 18. c4 a5 19. f4 Nb2 20. Nc3 a4 21. Bxb2 axb3 22. a3 e5 23. fxe5 Rfe8 24. Nb5 d5 25. a4 d4 26. Bd3 Bh6 27. Kf2 Be3+ 28. Kg3 Rxe5 29. h4 g5 30. Rcf1 Rb6 31. Nc7 Rh6 32. Nd5 gxh4+ 33. Kh2 Kg7 34. Rf3 h3 35. gxh3 f6 36. a5 Reh5 37. Kg2 Rg5+ 38. Kf1 Bc6 39. a6 Kf7 40. Bf5 Rg8 41. Rh2 Ra8 42. Rg2 Rxa6 43. Rfg3 Bg5 44. Rxb3 Rh4 45. Rg4 Rxg4 46. hxg4 Bxd5 47. cxd5 Ke7 48. Bd3 Ra4 49. Bc2 Ra2 50. Bb1 Ra6 51. Bd3 Ra4 52. Bb5 Ra5 53. Ke2 Kd6 54. Bc4 Be3 55. Kd3 Ra8 56. Ba3 Rg8 57. Rb6+ Kd7 58. Bxc5 Rxg4 59. Bb5+ Kd8 60. d6 Kc8 61. d7+ Kc7 62. Rb8 1-0

[Event "SVK-chT2B 1415"]
[Site "Slovakia"]
[Date "2015.02.01"]
[Round "7.6"]
[White "Svonavec, Stefan"]
[Black "Brestak, Jan"]
[Result "1/2-1/2"]
[WhiteElo "2022"]
[BlackElo "2105"]
[PlyCount "83"]
[EventDate "2014.10.11"]
[EventType "team-tourn"]
[EventRounds "11"]
[EventCountry "SVK"]
[SourceTitle "EXT 2019"]
[Source "ChessBase"]
[SourceDate "2018.10.10"]
[SourceVersion "1"]
[SourceVersionDate "2018.10.10"]
[SourceQuality "1"]
[WhiteTeam "Levice"]
[BlackTeam "Podhajska Termal"]
[WhiteTeamCountry "SVK"]
[BlackTeamCountry "SVK"]

1. d4 Nf6 2. c4 e6 3. Nf3 b6 4. Nc3 Bb4 5. g3 Bb7 6. Bg2 c5 7. a3 Bxc3+ 8. bxc3 Nc6 9. 0-0 Na5 10. dxc5 bxc5 11. Be3 Rc8 12. Ne5 Bxg2 13. Kxg2 Qc7 14. Qa4 Qxe5 15. Qxa5 Qe4+ 16. Kg1 Qxc4 17. Qxa7 0-0 18. Rfd1 h5 19. Rd3 h4 20. f3 d6 21. Rb1 Nd5 22. Kf2 Ra8 23. Qd7 Rxa3 24. Qxd6 Ra2 25. Bd2 Rc2 26. Rb8 Rxb8 27. Qxb8+ Kh7 28. Qe5 Kg8 29. Qb8+ Kh7 30. Qe5 Ra2 31. gxh4 Qxh4+ 32. Qg3 Qh5 33. c4 Nf6 34. Bc3 Qg6 35. Qh4+ Nh5 36. Re3 Rc2 37. Be5 f6 38. Bd6 Rc1 39. Bg3 e5 40. Re4 Qf7 41. Bxe5 fxe5 42. Rxe5 1/2-1/2

[Event "SVK-chT2B 1415"]
[Site "Slovakia"]
[Date "2014.12.07"]
[Round "6.4"]
[White "Brestak, Jan"]
[Black "Novotny, Michal1111"]
[Result "1-0"]
[WhiteElo "2105"]
[BlackElo "1946"]
[PlyCount "117"]
[EventDate "2014.10.11"]
[EventType "team-tourn"]
[EventRounds "11"]
[EventCountry "SVK"]
[SourceTitle "EXT 2019"]
[Source "ChessBase"]
[SourceDate "2018.10.10"]
[SourceVersion "1"]
[SourceVersionDate "2018.10.10"]
[SourceQuality "1"]
[WhiteTeam "Podhajska Termal"]
[BlackTeam "Tlmace SK"]
[WhiteTeamCountry "SVK"]
[BlackTeamCountry "SVK"]

1. e4 e6 2. d4 d5 3. Nc3 Nf6 4. e5 Nfd7 5. f4 c5 6. Nf3 Nc6 7. Be3 cxd4 8. Nxd4 Be7 9. Qh5 Nxd4 10. Bxd4 0-0 11. Bd3 g6 12. Qh6 Re8 13. 0-0-0 Bf8 14. Qh3 a6 15. Kb1 Bc5 16. Ne2 Qb6 17. Rd2 f5 18. exf6 Rf8 19. Qh4 Bxd4 20. Nxd4 Nxf6 21. Nf3 Nh5 22. g3 Qd8 23. Qxd8 Rxd8 24. Re1 b5 25. Bf1 Rb8 26. Bh3 Rb6 27. a3 Ng7 28. Ka2 h6 29. Kb3 a5 30. Ne5 Kh7 31. Re3 Rf8 32. Rc3 Rb7 33. Rc5 Nf5 34. Bxf5 exf5 35. Kc3 b4+ 36. Kd4 bxa3 37. bxa3 a4 38. Rxd5 Be6 39. Rd6 Bf7 40. Rd7 Rxd7+ 41. Nxd7 Rd8 42. Kc3 Rc8+ 43. Kb4 Rc4+ 44. Ka5 Kg7 45. Ne5 Rc7 46. Kb6 Re7 47. c4 Re6+ 48. Kb7 Re7+ 49. Kc6 Be8+ 50. Kb6 Re6+ 51. Ka5 g5 52. c5 Kf6 53. Rd6 Rxd6 54. cxd6 Ke6 55. d7 Bxd7 56. Nxd7 Kxd7 57. Kxa4 Kc6 58. Kb4 Kd5 59. a4 1-0

[Event "SVK-chT2B 1415"]
[Site "Slovakia"]
[Date "2014.11.08"]
[Round "3.4"]
[White "Brestak, Jan"]
[Black "Zakovic, Jozef"]
[Result "1-0"]
[WhiteElo "2105"]
[BlackElo "1825"]
[PlyCount "63"]
[EventDate "2014.10.11"]
[EventType "team-tourn"]
[EventRounds "11"]
[EventCountry "SVK"]
[SourceTitle "EXT 2019"]
[Source "ChessBase"]
[SourceDate "2018.10.10"]
[SourceVersion "1"]
[SourceVersionDate "2018.10.10"]
[SourceQuality "1"]
[WhiteTeam "Podhajska Termal"]
[BlackTeam "Bojnice SK PRM"]
[WhiteTeamCountry "SVK"]
[BlackTeamCountry "SVK"]

1. e4 e5 2. Nf3 Nc6 3. Bb5 a6 4. Ba4 Nf6 5. 0-0 Be7 6. d4 exd4 7. e5 Ne4 8. Nxd4 Nxd4 9. Qxd4 Nc5 10. Nc3 0-0 11. Rd1 c6 12. Bb3 b5 13. Ne4 Nxe4 14. Qxe4 a5 15. c4 bxc4 16. Bc2 g6 17. Qxc4 Ba6 18. Qd4 Be2 19. Re1 c5 20. Qc3 Bg4 21. Bh6 Re8 22. e6 Bf6 23. exf7+ Kxf7 24. Qxc5 Bxb2 25. Rab1 Qf6 26. Bg5 Qc3 27. Re7+ Kg8 28. Bb3+ Be6 29. Bxe6+ dxe6 30. Rxe8+ Rxe8 31. Qb5 Rc8 32. Qxb2 1-0

[Event "SVK-chT2B 1314"]
[Site "Slovakia"]
[Date "2013.11.23"]
[Round "3.4"]
[White "Brestak, Jan"]
[Black "Huliak, Pavol"]
[Result "1-0"]
[WhiteElo "2139"]
[BlackElo "2081"]
[PlyCount "42"]
[EventDate "2013.10.19"]
[EventType "team-tourn"]
[EventRounds "11"]
[EventCountry "SVK"]
[SourceTitle "EXT 2015"]
[Source "ChessBase"]
[SourceDate "2014.11.20"]
[SourceVersion "1"]
[SourceVersionDate "2014.11.20"]
[SourceQuality "1"]
[WhiteTeam "Nitra ASK"]
[BlackTeam "Bojnice"]
[WhiteTeamCountry "SVK"]
[BlackTeamCountry "SVK"]

1. e4 c5 2. Nf3 Nc6 3. d4 cxd4 4. Nxd4 Nf6 5. Nc3 g6 6. Nxc6 bxc6 7. e5 Ng8 8. Bc4 Bg7 9. Qf3 f5 10. Bf4 e6 11. 0-0-0 Qc7 12. Rhe1 Ne7 13. Bb3 a5 14. Rd6 Nd5 15. Rxd5 cxd5 16. Nb5 Qc6 17. Nd6+ Kf8 18. a4 Rb8 19. Kb1 Bb7 20. Qg3 Ba6 21. Qh4 Qc5 1-0

[Event "SVK-chT2B 1112"]
[Site "Slovakia"]
[Date "2012.02.26"]
[Round "11.4"]
[White "Brestak, Jan"]
[Black "Pinter, Patrik"]
[Result "0-1"]
[WhiteElo "2180"]
[BlackElo "2185"]
[PlyCount "60"]
[EventDate "2011.10.08"]
[EventType "team-tourn"]
[EventRounds "11"]
[EventCountry "SVK"]
[SourceTitle "EXT 2013"]
[Source "ChessBase"]
[SourceDate "2012.11.22"]
[SourceVersion "1"]
[SourceVersionDate "2012.11.22"]
[SourceQuality "1"]
[WhiteTeam "Nove Zamky Basta"]
[BlackTeam "Topolcianky SK"]
[WhiteTeamCountry "SVK"]
[BlackTeamCountry "SVK"]

1. e4 d6 2. Nf3 g6 3. c3 Bg7 4. d4 Nf6 5. Nbd2 0-0 6. Be2 b6 7. 0-0 Bb7 8. Qc2 c5 9. b4 Nbd7 10. Bb2 Qc7 11. Qb1 a5 12. Rc1 e5 13. Bd3 d5 14. exd5 Nxd5 15. a3 Nf4 16. Bf1 Rfe8 17. dxc5 bxc5 18. Re1 h6 19. h4 e4 20. Nh2 e3 21. fxe3 Nh3+ 22. Kh1 Nf2+ 23. Kg1 Nh3+ 24. Kh1 Qg3 25. e4 Nf2+ 26. Kg1 Nf6 27. c4 N6xe4 28. Nxe4 Bxe4 29. Rxe4 Nxe4 30. Bxg7 Qe3+ 0-1

[Event "SVK-chT2B 1112"]
[Site "Slovakia"]
[Date "2012.02.25"]
[Round "10.4"]
[White "Brestak, Jan"]
[Black "Kaniansky, Miroslav"]
[Result "1-0"]
[WhiteElo "2180"]
[BlackElo "2199"]
[PlyCount "121"]
[EventDate "2011.10.08"]
[EventType "team-tourn"]
[EventRounds "11"]
[EventCountry "SVK"]
[SourceTitle "EXT 2013"]
[Source "ChessBase"]
[SourceDate "2012.11.22"]
[SourceVersion "1"]
[SourceVersionDate "2012.11.22"]
[SourceQuality "1"]
[WhiteTeam "Nove Zamky Basta"]
[BlackTeam "Prievidza SK III"]
[WhiteTeamCountry "SVK"]
[BlackTeamCountry "SVK"]

1. e4 e5 2. Nf3 Nc6 3. Bb5 a6 4. Ba4 Nf6 5. 0-0 Be7 6. Bxc6 dxc6 7. Qe1 Nd7 8. b3 0-0 9. Bb2 f6 10. d4 Bd6 11. Nbd2 exd4 12. Nxd4 Nc5 13. Qe2 Re8 14. Rae1 Qe7 15. Kh1 Qf7 16. Qd1 Qg6 17. Qe2 Qh6 18. g3 Bh3 19. Rg1 Rad8 20. f4 Bc8 21. Qc4+ Kh8 22. Rg2 Qh5 23. Rge2 b5 24. Qc3 Bb7 25. Kg1 Ne6 26. Nxe6 Rxe6 27. Nf3 Qc5+ 28. Qxc5 Bxc5+ 29. Kg2 Bb4 30. c3 Bf8 31. e5 c5 32. Kf2 c4 33. Nd4 Bc5 34. Ba3 Bxd4+ 35. cxd4 Rxd4 36. Bb2 Rd7 37. f5 Re8 38. bxc4 bxc4 39. exf6 Rxe2+ 40. Rxe2 gxf6 41. Bxf6+ Kg8 42. g4 Kf7 43. g5 h6 44. h4 hxg5 45. hxg5 Rd5 46. Re7+ Kf8 47. Rxc7 Rxf5+ 48. Ke3 Bd5 49. Kd4 a5 50. a4 Be6 51. Ra7 Rd5+ 52. Ke4 Rf5 53. Rc7 Rf2 54. Ke5 Re2+ 55. Kd6 Bf7 56. Kc5 Be8 57. Rh7 Bf7 58. Rh8+ Bg8 59. g6 Ra2 60. Rh4 Rg2 61. g7+ 1-0

[Event "SVK-chT2B 1112"]
[Site "Slovakia"]
[Date "2011.12.03"]
[Round "5.4"]
[White "Goth, Gabriel"]
[Black "Brestak, Jan"]
[Result "1-0"]
[WhiteElo "2002"]
[BlackElo "2180"]
[PlyCount "135"]
[EventDate "2011.10.08"]
[EventType "team-tourn"]
[EventRounds "11"]
[EventCountry "SVK"]
[SourceTitle "EXT 2013"]
[Source "ChessBase"]
[SourceDate "2012.11.22"]
[SourceVersion "1"]
[SourceVersionDate "2012.11.22"]
[SourceQuality "1"]
[WhiteTeam "Komarno KSC II"]
[BlackTeam "Nove Zamky Basta"]
[WhiteTeamCountry "SVK"]
[BlackTeamCountry "SVK"]

1. e4 e5 2. Nf3 Nc6 3. Bc4 Nf6 4. d4 exd4 5. 0-0 Nxe4 6. Re1 d5 7. Bxd5 Qxd5 8. Nc3 Qa5 9. Nxe4 Be6 10. Neg5 0-0-0 11. Nxe6 fxe6 12. Rxe6 h6 13. Qe2 Bd6 14. Qe4 Rhf8 15. Bd2 Qb5 16. b3 a5 17. a4 Qh5 18. Qg6 Qd5 19. Qe4 Bb4 20. Rd1 Qxe4 21. Rxe4 Rf5 22. Kf1 Rc5 23. Ne1 Rcd5 24. Nd3 Bd6 25. h4 Ne7 26. Bf4 Nf5 27. Bxd6 R8xd6 28. g3 Rf6 29. Kg2 Nd6 30. Re5 Rxe5 31. Nxe5 Ne4 32. f3 Nc3 33. Rxd4 Re6 34. f4 g5 35. hxg5 hxg5 36. Kf3 gxf4 37. gxf4 Rh6 38. Nf7 c5 39. Nxh6 cxd4 40. Nf5 b5 41. axb5 d3 42. cxd3 Nxb5 43. Ke4 Kd7 44. Nd4 Nc3+ 45. Ke5 Na2 46. Ne6 Nb4 47. Nc5+ Ke7 48. d4 Nc6+ 49. Ke4 Kd6 50. f5 Nd8 51. f6 Kc6 52. Ke5 Nf7+ 53. Ke6 Ng5+ 54. Kf5 Nh7 55. Ne6 Kd6 56. Nf4 Nf8 57. f7 Nd7 58. Kg6 Kc6 59. Kg7 Kb5 60. f8Q Nxf8 61. Kxf8 Kb4 62. d5 Kxb3 63. d6 a4 64. d7 a3 65. Ne6 Kc2 66. d8Q Kb1 67. Qb6+ Kc2 68. Qb4 1-0

[Event "SVK-chT2B 1112"]
[Site "Slovakia"]
[Date "2011.11.05"]
[Round "3.3"]
[White "Brestak, Jan"]
[Black "Orgon, Dusan"]
[Result "1-0"]
[WhiteElo "2180"]
[BlackElo "2107"]
[PlyCount "87"]
[EventDate "2011.10.08"]
[EventType "team-tourn"]
[EventRounds "11"]
[EventCountry "SVK"]
[SourceTitle "EXT 2013"]
[Source "ChessBase"]
[SourceDate "2012.11.22"]
[SourceVersion "1"]
[SourceVersionDate "2012.11.22"]
[SourceQuality "1"]
[WhiteTeam "Nove Zamky Basta"]
[BlackTeam "Trencin SK II"]
[WhiteTeamCountry "SVK"]
[BlackTeamCountry "SVK"]

1. e4 e6 2. Nc3 d5 3. d4 Nf6 4. Bg5 Bb4 5. e5 h6 6. Bd2 Bxc3 7. bxc3 Ne4 8. Qg4 Kf8 9. h4 c5 10. Rh3 Nc6 11. Bd3 cxd4 12. cxd4 Qb6 13. Bxe4 Qxd4 14. Bc3 Qxe4+ 15. Qxe4 dxe4 16. 0-0-0 Ke7 17. Rg3 g6 18. Rg4 b6 19. Rxe4 Bb7 20. Ne2 Rhd8 21. Bd2 Rd5 22. Bxh6 Rxe5 23. Nc3 Rd8 24. Bg5+ f6 25. Rxd8 fxg5 26. Rh8 Rf5 27. Rh7+ Rf7 28. Rxf7+ Kxf7 29. hxg5 e5 30. Rh4 Ke6 31. Ne4 Nd4 32. f3 Ne2+ 33. Kd2 Nf4 34. Rh7 Bxe4 35. fxe4 Nxg2 36. Rxa7 Kd6 37. Rf7 Kc5 38. Rf6 Nf4 39. a4 Kd4 40. Rxb6 Kxe4 41. a5 Kf5 42. a6 Nd5 43. Rc6 Nb4 44. Rd6 1-0

[Event "SVK-ch op-A"]
[Site "Banska Stiavnica"]
[Date "2011.07.17"]
[Round "9"]
[White "Brestak, Jan"]
[Black "Leniart, Arkadiusz"]
[Result "0-1"]
[WhiteElo "2198"]
[BlackElo "2455"]
[PlyCount "92"]
[EventDate "2011.07.09"]
[EventType "swiss"]
[EventRounds "9"]
[EventCountry "SVK"]
[SourceTitle "CBM 143 Extra"]
[Source "ChessBase"]
[SourceDate "2011.08.29"]
[SourceVersion "1"]
[SourceVersionDate "2011.08.29"]
[SourceQuality "1"]

1. e4 c5 2. Nf3 d6 3. c3 Nf6 4. Qb3 e6 5. d3 Be7 6. g3 Nc6 7. Nbd2 e5 8. Nc4 0-0 9. a4 Rb8 10. Qc2 a6 11. Bg2 h6 12. 0-0 Be6 13. Kh1 Nxe4 14. Ncxe5 Nxg3+ 15. hxg3 Nxe5 16. d4 Nxf3 17. Bxf3 cxd4 18. cxd4 Qc8 19. Qd1 Qd7 20. Re1 d5 21. Kg2 Rbc8 22. Rh1 Bf5 23. Bf4 Be4 24. Rh5 Bf6 25. Kh2 Rc4 26. Be3 Rd8 27. Be2 Bg6 28. Rh3 Rc2 29. b4 Rxe2 30. Qxe2 Bf5 31. Rh4 Bxh4 32. gxh4 Qd6+ 33. Kh1 Qf6 34. Kg2 Qxh4 35. Rh1 Qe4+ 36. f3 Qe7 37. Kf2 Qxb4 38. Bxh6 gxh6 39. Rg1+ Bg6 40. Rxg6+ fxg6 41. Qe6+ Kg7 42. Qe5+ Kf7 43. Qf4+ Ke6 44. Qe5+ Kd7 45. Qxd5+ Kc8 46. Qe5 Qxd4+ 0-1

[Event "SVK-ch op-A"]
[Site "Banska Stiavnica"]
[Date "2011.07.16"]
[Round "8"]
[White "Ondrus, Martin"]
[Black "Brestak, Jan"]
[Result "1-0"]
[WhiteElo "2313"]
[BlackElo "2198"]
[PlyCount "57"]
[EventDate "2011.07.09"]
[EventType "swiss"]
[EventRounds "9"]
[EventCountry "SVK"]
[SourceTitle "CBM 143 Extra"]
[Source "ChessBase"]
[SourceDate "2011.08.29"]
[SourceVersion "1"]
[SourceVersionDate "2011.08.29"]
[SourceQuality "1"]

1. e4 e5 2. Nf3 Nc6 3. d4 exd4 4. Nxd4 Nf6 5. Nxc6 bxc6 6. e5 Qe7 7. Qe2 Nd5 8. c4 Ba6 9. b3 0-0-0 10. g3 Re8 11. Bb2 f6 12. Bg2 fxe5 13. Qd2 Nb6 14. 0-0 Kb8 15. Re1 Qf7 16. a4 Bc5 17. a5 Nc8 18. Nc3 Bd4 19. Na4 Bxb2 20. Nc5 Bd4 21. Nxa6+ Ka8 22. Qb4 Nb6 23. Nxc7+ Kb7 24. axb6 Qxf2+ 25. Kh1 axb6 26. Nxe8 Rxe8 27. Rf1 Qb2 28. Qd6 Rd8 29. Bxc6+ 1-0

[Event "SVK-ch Seniors-A"]
[Site "Tatranske Matliare"]
[Date "2011.05.??"]
[Round "8"]
[White "Brestak, Jan"]
[Black "Vrbica, Ladislav"]
[Result "1-0"]
[WhiteElo "2197"]
[BlackElo "1962"]
[PlyCount "37"]
[EventDate "2011.05.27"]
[EventType "swiss"]
[EventRounds "9"]
[EventCountry "SVK"]
[SourceTitle "EXT 2023"]
[Source "ChessBase"]
[SourceDate "2022.10.05"]
[SourceVersion "1"]
[SourceVersionDate "2022.10.05"]
[SourceQuality "1"]

1. e4 c5 2. Nf3 d6 3. c3 Nc6 4. d4 cxd4 5. cxd4 g6 6. d5 Nb8 7. Nc3 Bg7 8. Bb5+ Bd7 9. Be2 Nf6 10. 0-0 0-0 11. Be3 Bg4 12. Qb3 Bxf3 13. Bxf3 b6 14. e5 Nfd7 15. e6 Nc5 16. Bxc5 bxc5 17. Qb7 f5 18. Qxa8 Qb6 19. Rfb1 1-0

[Event "SVK-ch Seniors-A"]
[Site "Tatranske Matliare"]
[Date "2011.05.??"]
[Round "1"]
[White "Curidlo, Jan1111"]
[Black "Brestak, Jan"]
[Result "0-1"]
[WhiteElo "1846"]
[BlackElo "2197"]
[PlyCount "64"]
[EventDate "2011.05.27"]
[EventType "swiss"]
[EventRounds "9"]
[EventCountry "SVK"]
[SourceTitle "EXT 2023"]
[Source "ChessBase"]
[SourceDate "2022.10.05"]
[SourceVersion "1"]
[SourceVersionDate "2022.10.05"]
[SourceQuality "1"]

1. e4 e5 2. Nf3 Nc6 3. Bb5 a6 4. Ba4 b5 5. Bb3 Na5 6. d3 d6 7. Be3 Nf6 8. h3 Be7 9. Nbd2 h6 10. c3 Nxb3 11. Nxb3 c5 12. Nbd2 Bb7 13. Qc2 Qc7 14. c4 Bc6 15. 0-0 g5 16. Nh2 Bd7 17. Qd1 Qc8 18. g4 h5 19. Bxg5 hxg4 20. Bxf6 Bxf6 21. Nxg4 Bg5 22. f3 Rxh3 23. Kg2 Bxg4 24. fxg4 Rxd3 25. Rf2 bxc4 26. Qa4+ Ke7 27. Rxf7+ Kxf7 28. Qxc4+ Kg7 29. Qxd3 Qxg4+ 30. Kf2 Bxd2 31. Qxd2 Rf8+ 32. Ke1 Qg1+ 0-1

[Event "SVK-chT2B 10/11"]
[Site "Slovakia"]
[Date "2011.03.27"]
[Round "11.1"]
[White "Brestak, Jan"]
[Black "Nagy, Attila2222"]
[Result "1-0"]
[WhiteElo "2149"]
[BlackElo "2164"]
[PlyCount "65"]
[EventDate "2010.10.23"]
[EventType "team-tourn"]
[EventRounds "11"]
[EventCountry "SVK"]
[SourceTitle "EXT 2019"]
[Source "ChessBase"]
[SourceDate "2018.10.10"]
[SourceVersion "1"]
[SourceVersionDate "2018.10.10"]
[SourceQuality "1"]
[WhiteTeam "Nove Zamky Basta II"]
[BlackTeam "Sala Slovan Duslo"]
[WhiteTeamCountry "SVK"]
[BlackTeamCountry "SVK"]

1. e4 c6 2. d4 d5 3. e5 c5 4. Nf3 Nc6 5. dxc5 e6 6. Be3 Nge7 7. c3 Qc7 8. Bb5 Bd7 9. Na3 Nf5 10. Bd4 Be7 11. 0-0 0-0 12. Bd3 Nfxd4 13. cxd4 a6 14. Rc1 f6 15. Qc2 fxe5 16. Bxh7+ Kh8 17. Nxe5 Nxe5 18. dxe5 Qxe5 19. Bd3 Rf6 20. Qe2 Qxe2 21. Bxe2 e5 22. Rfd1 Bc6 23. Rd3 e4 24. Rh3+ Rh6 25. Rxh6+ gxh6 26. b4 Bf6 27. Rd1 Bc3 28. Rb1 Kg7 29. Nc2 d4 30. Bc4 Kf6 31. f3 exf3 32. gxf3 Rd8 33. Kf2 1-0

[Event "SVK-chT1W 1011"]
[Site "Slovakia"]
[Date "2011.03.20"]
[Round "9"]
[White "Brestak, Jan"]
[Black "Bury, Rastislav"]
[Result "1-0"]
[WhiteElo "2149"]
[BlackElo "2183"]
[PlyCount "93"]
[EventDate "2010.11.06"]
[EventType "team-tourn"]
[EventRounds "11"]
[EventCountry "SVK"]
[SourceTitle "EXT 2012"]
[Source "ChessBase"]
[SourceDate "2011.11.24"]
[SourceVersion "1"]
[SourceVersionDate "2011.11.24"]
[SourceQuality "1"]
[WhiteTeam "Nove Zamky"]
[BlackTeam "Osuske"]
[WhiteTeamCountry "SVK"]
[BlackTeamCountry "SVK"]

1. e4 c5 2. Nf3 d6 3. c3 Nf6 4. Qb3 Nc6 5. d4 Qb6 6. d5 Qxb3 7. axb3 Nb8 8. Bd3 e5 9. Na3 Bd7 10. Nd2 Be7 11. Ndc4 0-0 12. f3 Ne8 13. g4 Nc7 14. h4 f6 15. Ke2 Nba6 16. Bd2 Rab8 17. Ne3 g6 18. h5 g5 19. h6 Kf7 20. Nac2 b5 21. Ra2 Rb6 22. Be1 Ra8 23. Bf2 Rb7 24. Kd2 Nb8 25. b4 c4 26. Be2 a6 27. Ra3 Bd8 28. b3 cxb3 29. Rxb3 Ke7 30. Ra1 Kf7 31. Ra5 Kg6 32. c4 bxc4 33. Nxc4 Nb5 34. Rxb5 Bxb5 35. Nxd6 Rd7 36. Nxb5 axb5 37. Bxb5 Rc7 38. Bc5 Nd7 39. Ne3 Kf7 40. Rc3 Rac8 41. Nf5 Rxc5 42. bxc5 Rxc5 43. Nd6+ Kf8 44. Bxd7 Ba5 45. Nb5 Ke7 46. Bc6 Rc4 47. Kd3 1-0

[Event "SVK-chT2B 10/11"]
[Site "Slovakia"]
[Date "2011.03.06"]
[Round "9.3"]
[White "Gombar, Peter"]
[Black "Brestak, Jan"]
[Result "0-1"]
[WhiteElo "2029"]
[BlackElo "2149"]
[PlyCount "72"]
[EventDate "2010.10.23"]
[EventType "team-tourn"]
[EventRounds "11"]
[EventCountry "SVK"]
[SourceTitle "EXT 2019"]
[Source "ChessBase"]
[SourceDate "2018.10.10"]
[SourceVersion "1"]
[SourceVersionDate "2018.10.10"]
[SourceQuality "1"]
[WhiteTeam "Povazska Bystrica SK Sparta II"]
[BlackTeam "Nove Zamky Basta II"]
[WhiteTeamCountry "SVK"]
[BlackTeamCountry "SVK"]

1. e4 e5 2. Nf3 Nc6 3. Bb5 f5 4. d3 fxe4 5. dxe4 Nf6 6. Qe2 Bc5 7. Be3 Bxe3 8. Qxe3 d6 9. Nbd2 0-0 10. h3 Kh8 11. 0-0-0 Nh5 12. g3 Qf6 13. Be2 g6 14. Rdf1 a5 15. Ng5 Bd7 16. Bg4 Qg7 17. Ne6 Bxe6 18. Bxe6 a4 19. Bg4 a3 20. b3 b5 21. Bxh5 gxh5 22. Qe2 Nd4 23. Qxh5 b4 24. Kb1 Rf6 25. h4 Raf8 26. f3 Ne2 27. Qg5 Rg6 28. Qe3 Nxg3 29. h5 Nxf1 30. Rxf1 Rg2 31. h6 Qg5 32. Qxg5 Rxg5 33. Kc1 Rf6 34. Kd1 Rxh6 35. f4 exf4 36. Rxf4 Rg2 0-1

[Event "SVK-chT1W 1011"]
[Site "Slovakia"]
[Date "2011.01.09"]
[Round "5.5"]
[White "Siroky, Jan"]
[Black "Brestak, Jan"]
[Result "0-1"]
[WhiteElo "2188"]
[BlackElo "2149"]
[PlyCount "56"]
[EventDate "2010.11.06"]
[EventType "team-tourn"]
[EventRounds "11"]
[EventCountry "SVK"]
[SourceTitle "EXT 2012"]
[Source "ChessBase"]
[SourceDate "2011.11.24"]
[SourceVersion "1"]
[SourceVersionDate "2011.11.24"]
[SourceQuality "1"]
[WhiteTeam "Tlmace"]
[BlackTeam "Nove Zamky"]
[WhiteTeamCountry "SVK"]
[BlackTeamCountry "SVK"]

1. e4 e5 2. Nf3 Nc6 3. Bb5 f5 4. d4 fxe4 5. Nxe5 Nxe5 6. dxe5 c6 7. Be2 Qa5+ 8. Nc3 Qxe5 9. 0-0 d5 10. Be3 Bd6 11. g3 Qe7 12. Nxd5 cxd5 13. Qxd5 Nf6 14. Bb5+ Kf8 15. Qd2 Bg4 16. Bd4 h5 17. Qg5 Rc8 18. c3 Bc5 19. Rac1 Bb6 20. Rfe1 Qe6 21. b3 Qf5 22. h4 Rh6 23. Bc4 Rg6 24. Qe3 Rxc4 25. bxc4 Bf3 26. Bxb6 Qh3 27. Qc5+ Kg8 28. Qc8+ Qxc8 0-1

[Event "SVK-ch op-B"]
[Site "Banska Stiavnica"]
[Date "2010.07.16"]
[Round "7"]
[White "Brestak, Jan"]
[Black "Pesztericz, Laszlo"]
[Result "0-1"]
[WhiteElo "2144"]
[BlackElo "2106"]
[PlyCount "170"]
[EventDate "2010.07.10"]
[EventType "swiss"]
[EventRounds "9"]
[EventCountry "SVK"]
[SourceTitle "CBM 137 Extra"]
[Source "ChessBase"]
[SourceDate "2010.09.01"]
[SourceVersion "1"]
[SourceVersionDate "2010.09.01"]
[SourceQuality "1"]

1. e4 e5 2. Nf3 Nc6 3. Bb5 a6 4. Ba4 Nf6 5. d3 d6 6. c4 Be7 7. h3 0-0 8. Be3 Bd7 9. Nc3 Nb8 10. b4 Bxa4 11. Qxa4 Nbd7 12. 0-0 c6 13. Qb3 Qc7 14. Rfc1 Rfe8 15. Rab1 Nf8 16. d4 exd4 17. Nxd4 Ng6 18. Nf5 Bf8 19. f3 Qd7 20. Na4 Qe6 21. Re1 Rad8 22. Bb6 Rd7 23. Bf2 Nf4 24. Kh2 N6h5 25. Nb6 Rdd8 26. Bh4 Rb8 27. Qb2 g6 28. Nd4 Qe5 29. Nd7 Nd3+ 30. Nxe5 Nxb2 31. Nd7 Nxc4 32. g4 Bg7 33. gxh5 Bxd4 34. Nxb8 Rxb8 35. Red1 Be5+ 36. Bg3 Bxg3+ 37. Kxg3 Kg7 38. a4 Rd8 39. Rd4 b5 40. hxg6 hxg6 41. Ra1 Kf6 42. axb5 axb5 43. Ra6 Ke5 44. Rd1 Rc8 45. Ra7 f5 46. exf5 gxf5 47. Re7+ Kf6 48. Rde1 Ne5 49. Rh7 Rg8+ 50. Kf2 Nd3+ 51. Kf1 Nxe1 52. Kxe1 Rg2 53. h4 Ke5 54. h5 Rb2 55. Rc7 Kd5 56. h6 Rxb4 57. h7 Rh4 58. Kf2 f4 59. Rf7 c5 60. Ke2 b4 61. Kd2 c4 62. Rf5+ Ke6 63. Rxf4 Rxh7 64. Rxc4 Rb7 65. Kc2 d5 66. Rh4 Kd6 67. Kb3 Kc5 68. Rf4 Re7 69. Kc2 Re3 70. Rf8 Kc4 71. Rc8+ Kd4 72. Rb8 b3+ 73. Kb2 Rxf3 74. Rb4+ Ke5 75. Rh4 Rg3 76. Rb4 d4 77. Rb8 Ke4 78. Rb7 Re3 79. Rb8 Kf3 80. Rd8 Ke4 81. Rb8 Kd3 82. Kxb3 Ke2+ 83. Kb2 d3 84. Rh8 d2 85. Rh2+ Kd3 0-1

[Event "SVK-ch Seniors-A"]
[Site "Tatranske Matliare"]
[Date "2010.06.07"]
[Round "2"]
[White "Brestak, Jan"]
[Black "Majzlan, Blazej"]
[Result "1-0"]
[WhiteElo "2129"]
[BlackElo "1897"]
[PlyCount "117"]
[EventDate "2010.06.06"]
[EventType "swiss"]
[EventRounds "9"]
[EventCountry "SVK"]
[SourceTitle "EXT 2023"]
[Source "ChessBase"]
[SourceDate "2022.10.05"]
[SourceVersion "1"]
[SourceVersionDate "2022.10.05"]
[SourceQuality "1"]

1. e4 c5 2. Nf3 e6 3. Nc3 a6 4. d3 Nc6 5. Bf4 d6 6. h3 e5 7. Be3 g6 8. Qd2 h5 9. Nd5 Be6 10. Ng5 Nf6 11. Nxe6 fxe6 12. Nxf6+ Qxf6 13. c3 Be7 14. h4 Qf7 15. 0-0-0 0-0-0 16. Kb1 d5 17. Qc2 d4 18. Bc1 Rhf8 19. f3 Kb8 20. Be2 Rh8 21. Rdf1 Bf6 22. Qb3 Qe7 23. g3 Na5 24. Qb6 Nc6 25. Rh2 c4 26. dxc4 dxc3 27. bxc3 Qc7 28. c5 Qxb6+ 29. cxb6 Na5 30. Be3 Rd6 31. Kc2 Rc8 32. Rb1 Rdc6 33. c4 Nxc4 34. Bxc4 Rxc4+ 35. Kd1 Rc3 36. Re2 Rd3+ 37. Ke1 Be7 38. f4 Rcc3 39. Bf2 exf4 40. gxf4 Bc5 41. Bxc5 Rxc5 42. Kf2 Kc8 43. Rg1 Rd6 44. Rxg6 Rxb6 45. f5 Kd7 46. e5 Rbc6 47. f6 Ke8 48. Rg8+ Kf7 49. Rg7+ Kf8 50. Rxb7 Rc2 51. Rxc2 Rxc2+ 52. Ke3 Rxa2 53. Re7 Ra4 54. Rxe6 a5 55. Ra6 Rxh4 56. e6 Rh3+ 57. Kf2 Kg8 58. Ra8+ Kh7 59. f7 1-0